| 000 | 00360nam a22000977a 4500 | ||
|---|---|---|---|
| 999 |
_c507103 _d507103 |
||
| 082 | _aL906x5411 | ||
| 100 |
_aAssam. Indian Audit and Account Department _9671 |
||
| 245 |
_aReport of the Comptroller and Auditor General of India on revenue sector,2016-2017 _cby Indian Audit and Account Department |
||
| 260 |
_aGuwahati _bGovernment of Assam _c2018 |
||
| 300 | _a145p. | ||